Historias que siembran: (Registro nro. 13154)

000 -CABECERA
campo de control de longitud fija 00641nam a22002057a 4500
003 - IDENTIFICADOR DEL NÚMERO DE CONTROL
campo de control OSt
005 - FECHA Y HORA DE LA ÚLTIMA TRANSACCIÓN
campo de control 20210217141844.0
008 - DATOS DE LONGITUD FIJA--INFORMACIÓN GENERAL
campo de control de longitud fija 210217b ||||| |||| 00| 0 spa d
020 ## - NÚMERO INTERNACIONAL ESTÁNDAR DEL LIBRO
Número Internacional Estándar del Libro 9789585729025
040 ## - FUENTE DE LA CATALOGACIÓN
Centro/agencia transcriptor CO-MqBPB
082 ## - NÚMERO DE LA CLASIFICACIÓN DECIMAL DEWEY
Número de clasificación 808.89
Número de documento/Ítem M66h
110 ## - ENTRADA PRINCIPAL--NOMBRE DE ENTIDAD CORPORATIVA
Nombre de entidad corporativa o nombre de jurisdicción como elemento de entrada Alcaldía de Mosquera
245 ## - MENCIÓN DE TÍTULO
Título Historias que siembran:
Resto del título VIII Concurso de Escritura 2019/
Mención de responsabilidad, etc. Alcaldía de Mosquera
260 ## - PUBLICACIÓN, DISTRIBUCIÓN, ETC.
Lugar de publicación, distribución, etc. Bogotá:
Nombre del editor, distribuidor, etc. Xpress Estudio Gráfico y Digital S.A.S,
Fecha de publicación, distribución, etc. 2019.
300 ## - DESCRIPCIÓN FÍSICA
Extensión 80 pag.
Otras características físicas Pasta Banda
Dimensiones 23 cm.
650 ## - PUNTO DE ACCESO ADICIONAL DE MATERIA--TÉRMINO DE MATERIA
Fuente del encabezamiento o término Concurso
Subdivisión de forma Libro álbum
650 ## - PUNTO DE ACCESO ADICIONAL DE MATERIA--TÉRMINO DE MATERIA
Fuente del encabezamiento o término Concurso
Subdivisión de forma Narrativa Adulto
650 ## - PUNTO DE ACCESO ADICIONAL DE MATERIA--TÉRMINO DE MATERIA
Fuente del encabezamiento o término Concurso
Subdivisión de forma Narrativa Juvenil
942 ## - ELEMENTOS DE PUNTO DE ACCESO ADICIONAL (KOHA)
Fuente del sistema de clasificación o colocación
Tipo de ítem Koha Libro
Existencias
Estado de retiro Estado de pérdida Fuente del sistema de clasificación o colocación Estado dañado No para préstamo Código de colección Localización permanente Ubicación/localización actual Fecha de adquisición Total de préstamos Signatura topográfica completa Código de barras Fecha visto por última vez Número de copia Precio válido a partir de Tipo de ítem Koha Nota pública Ubicación en estantería Fuente de adquisición Número de inventario
          Colección Patrimonial Biblioteca Pública San Juan Bosco Biblioteca Pública San Juan Bosco 01/04/2024   CL 808.89 M66h MOS503555 01/04/2024 Ej.1 01/04/2024 Libro Ocho dias Colección General Concurso de Escritura NT
          Colección Patrimonial Sede: La Armonía de Usca Sede: La Armonía de Usca 17/02/2021   808.89 M66h MUS000175 17/02/2021 ej 1 17/02/2021 Libro Ocho dias      
          Colección Patrimonial Sede: La Armonía de Usca Sede: La Armonía de Usca 17/02/2021   808.89 M66h MUS000176 17/02/2021 ej 2 17/02/2021 Libro Ocho dias      
          Colección Patrimonial Sede: La Armonía de Usca Sede: La Armonía de Usca 17/02/2021   808.89 M66h MUS000177 17/02/2021 ej 3 17/02/2021 Libro Ocho dias      
          Colección Patrimonial Sede: La Armonía de Usca Sede: La Armonía de Usca 17/02/2021   808.89 M66h MUS000178 17/02/2021 ej 4 17/02/2021 Libro Ocho dias      

© Todos los derechos reservados para la Biblioteca Pública Municipal San Juan Bosco, 2020
Secretaria de Cultura de Mosquera
Carrera 3 N° 10 Esquina Centro Cultural Barrio El Carmén Teléfono: 8270830 Ext: 34
Funcionando con KOHA
Contacto: Biblioteca Pública Municipal San Juan Bosco/ bibliotecasanjuanbosco@mosquera-cundinamarca.gov.co
Mosquera, Cundinamarca